[Event "AUT-ch Blitz"]
[Site "Innsbruck"]
[Date "2025.06.21"]
[Round "3"]
[White "Ataiants, Igor"]
[Black "Benedikt, Noah"]
[Result "1-0"]
[WhiteElo "1765"]
[BlackElo "2078"]
[PlyCount "55"]
[EventDate "2025.06.21"]
[EventType "swiss (blitz)"]
[EventRounds "11"]
[EventCountry "AUT"]
[SourceTitle "CB26_2025"]
[SourceDate "2025.06.25"]
[SourceVersion "1"]
[SourceVersionDate "2025.06.25"]
[SourceQuality "1"]

1. e4 c6 2. d4 d5 3. exd5 cxd5 4. c4 Nf6 5. Nc3 Nc6 6. cxd5 Nxd5 7. Bc4 e6 8. Nf3 Be7 9. 0-0 0-0 10. Re1 Nb6 11. Bb3 a5 12. Be3 Bf6 13. a3 Ne7 14. Qd3 Ned5 15. Bc2 g6 16. Bh6 Re8 17. Ne5 Bd7 18. g3 Bc6 19. h4 Nxc3 20. bxc3 Ba4 21. Bxa4 Nxa4 22. Rab1 Qc7 23. h5 Qxc3 24. Qb5 Qxd4 25. hxg6 hxg6 26. Rbd1 Qb2 27. Nxg6 fxg6 28. Qxb2 1-0

[Event "AUT-ch Blitz"]
[Site "Innsbruck"]
[Date "2025.06.21"]
[Round "10"]
[White "Benedikt, Noah"]
[Black "Froewis, Georg"]
[Result "0-1"]
[WhiteElo "2078"]
[BlackElo "2428"]
[PlyCount "78"]
[EventDate "2025.06.21"]
[EventType "swiss (blitz)"]
[EventRounds "11"]
[EventCountry "AUT"]
[SourceTitle "CB26_2025"]
[SourceDate "2025.06.25"]
[SourceVersion "1"]
[SourceVersionDate "2025.06.25"]
[SourceQuality "1"]

1. e4 d5 2. exd5 Qxd5 3. Nc3 Qd6 4. Nf3 Nf6 5. Bc4 Nc6 6. 0-0 Bg4 7. h3 Bh5 8. d4 0-0-0 9. Be3 e5 10. dxe5 Qb4 11. Bd3 Nxe5 12. Bf5+ Nfd7 13. Nxe5 Bxd1 14. Raxd1 Bd6 15. Nxf7 Rdf8 16. Bxd7+ Kxd7 17. Nxh8 Rxh8 18. Nd5 Qxb2 19. Bd4 Qxa2 20. Bxg7 Rd8 21. Ne3 Kc8 22. Rd3 a5 23. Rfd1 Rg8 24. Bc3 a4 25. Nf5 Rg6 26. Nxd6+ Rxd6 27. Rxd6 cxd6 28. Rxd6 Qxc2 29. Be5 a3 30. Rd4 a2 31. Rg4 a1Q+ 32. Bxa1 Qd1+ 33. Kh2 Qxa1 34. Rg8+ Kc7 35. Rf8 Qg7 36. Rf3 b5 37. Ra3 Kb6 38. g3 b4 39. Rb3 Kb5 0-1

[Event "AUT-ch Blitz"]
[Site "Innsbruck"]
[Date "2025.06.21"]
[Round "2"]
[White "Benedikt, Noah"]
[Black "Zanon, Magnus"]
[Result "0-1"]
[WhiteElo "2078"]
[BlackElo "2098"]
[PlyCount "124"]
[EventDate "2025.06.21"]
[EventType "swiss (blitz)"]
[EventRounds "11"]
[EventCountry "AUT"]
[SourceTitle "CB26_2025"]
[SourceDate "2025.06.25"]
[SourceVersion "1"]
[SourceVersionDate "2025.06.25"]
[SourceQuality "1"]

1. e4 e6 2. d4 d5 3. Nd2 c5 4. exd5 Qxd5 5. Ngf3 cxd4 6. Bc4 Qd7 7. Nb3 Nc6 8. 0-0 Nf6 9. Nbxd4 Nxd4 10. Nxd4 a6 11. c3 Qc7 12. Qe2 Bd6 13. h3 0-0 14. Bg5 Kh8 15. Rad1 b5 16. Bd3 Bb7 17. Kh1 Rg8 18. c4 b4 19. Bb1 Bf4 20. Bxf4 Qxf4 21. Qd2 Qh4 22. Kg1 Rad8 23. Qe3 Nh5 24. Nf3 Qf6 25. Ne5 Nf4 26. f3 Qg5 27. Ng4 h5 28. Qe5 f5 29. Ne3 Nxh3+ 30. Kh2 Nf4 31. g3 Ng6 32. Qxe6 h4 33. g4 Qf4+ 34. Kg2 Qg3+ 35. Kh1 Bxf3+ 36. Rxf3 Qxf3+ 37. Kg1 Rxd1+ 38. Nxd1 Qxd1+ 39. Kg2 Qxg4+ 40. Kh2 Nf4 41. Qc6 Qh3+ 42. Kg1 Qg3+ 43. Kf1 Qh3+ 44. Kf2 Qg3+ 45. Kf1 Nh3 46. Qc5 Qf2+ 47. Qxf2 Nxf2 48. Kxf2 Rf8 49. Kf3 g5 50. Bd3 Kg7 51. Bf1 Kf6 52. Be2 Ke5 53. Bd3 g4+ 54. Kg2 f4 55. Bc2 f3+ 56. Kg1 Kf4 57. c5 Rc8 58. a3 Rxc5 59. Bd3 g3 60. axb4 Rc1+ 61. Bf1 g2 62. Kh2 gxf1Q 0-1

[Event "AUT-ch Blitz"]
[Site "Innsbruck"]
[Date "2025.06.21"]
[Round "5"]
[White "Haselsberger, Armin"]
[Black "Benedikt, Noah"]
[Result "0-1"]
[WhiteElo "1957"]
[BlackElo "2078"]
[PlyCount "56"]
[EventDate "2025.06.21"]
[EventType "swiss (blitz)"]
[EventRounds "11"]
[EventCountry "AUT"]
[SourceTitle "CB26_2025"]
[SourceDate "2025.06.25"]
[SourceVersion "1"]
[SourceVersionDate "2025.06.25"]
[SourceQuality "1"]

1. d4 Nf6 2. c4 e6 3. Nf3 b6 4. g3 Bb7 5. Bg2 Be7 6. 0-0 0-0 7. Nc3 d5 8. Ne5 Nbd7 9. Qa4 Nxe5 10. dxe5 Ne4 11. Nxe4 dxe4 12. Rd1 Qe8 13. Qc2 Qc6 14. Rd4 Qc5 15. Be3 Qxe5 16. Bxe4 Bxe4 17. Rxe4 Qf5 18. f3 Rfd8 19. Rd1 Qa5 20. Rxd8+ Rxd8 21. b3 Qe1+ 22. Kg2 Rd1 23. Kh3 Qf1+ 24. Kg4 f5+ 25. Kf4 fxe4 26. Qxe4 Qh3 27. g4 Bd6+ 28. Kg5 Qh6# 0-1

[Event "AUT-ch Rapid"]
[Site "Innsbruck"]
[Date "2025.06.20"]
[Round "5"]
[White "Benedikt, Noah"]
[Black "Jetzl, Julian"]
[Result "0-1"]
[WhiteElo "2078"]
[BlackElo "2164"]
[PlyCount "162"]
[EventDate "2025.06.19"]
[EventType "swiss (rapid)"]
[EventRounds "9"]
[EventCountry "AUT"]
[SourceTitle "CB26_2025"]
[SourceDate "2025.06.25"]
[SourceVersion "1"]
[SourceVersionDate "2025.06.25"]
[SourceQuality "1"]

1. d4 Nf6 2. Nf3 g6 3. Nbd2 d5 4. e3 Bg7 5. Bd3 0-0 6. 0-0 Nbd7 7. b3 c5 8. Bb2 b6 9. a4 a6 10. Re1 Bb7 11. Qe2 Re8 12. Rad1 Qc7 13. Ne5 Nxe5 14. dxe5 Nd7 15. f4 Bc6 16. Bxa6 c4 17. Nxc4 Rxa6 18. Nd6 Rea8 19. Nxf7 Kxf7 20. e6+ Kg8 21. Bxg7 Kxg7 22. exd7 Qxd7 23. e4 e6 24. Qe3 Rd8 25. Qd4+ Kg8 26. Qf6 Rf8 27. Qh4 Qf7 28. exd5 Bd7 29. dxe6 Bxe6 30. Rd6 Re8 31. Re5 Raa8 32. Rxb6 Qa7 33. a5 Rab8 34. Qf2 Qd7 35. Rxb8 Rxb8 36. h4 Bf5 37. Qe2 Qd4+ 38. Kh1 Qxf4 39. Re8+ Rxe8 40. Qxe8+ Kg7 41. Qe7+ Kg8 42. Qd8+ Kf7 43. Kg1 Qc1+ 44. Kh2 Qf4+ 45. Kg1 Qe3+ 46. Kh2 Qe5+ 47. Kg1 Qc5+ 48. Kh2 Qxc2 49. b4 Qc4 50. Kg3 Qxb4 51. Qc7+ Kg8 52. Qd8+ Kg7 53. Qc7+ Kh6 54. Qc1+ Kg7 55. Qc7+ Kg8 56. Qd8+ Kf7 57. Qc7+ Qe7 58. Qc4+ Qe6 59. Qc7+ Qd7 60. Qc4+ Kg7 61. Qc3+ Kg8 62. Qb3+ Be6 63. Qb8+ Qc8 64. Qe5 Qc6 65. h5 Qd5 66. Qb8+ Kg7 67. Qc7+ Kh6 68. hxg6 hxg6 69. Qc3 Kh7 70. Qc7+ Kg8 71. Qb8+ Kg7 72. Qc7+ Kf6 73. Qb6 Qb3+ 74. Kf4 Qxb6 75. axb6 Bd5 76. g3 Bb7 77. Kg4 Bc8+ 78. Kf4 g5+ 79. Kf3 Kf5 80. Kf2 Kg4 81. Kg2 Bb7+ 0-1

[Event "AUT-ch Rapid"]
[Site "Innsbruck"]
[Date "2025.06.20"]
[Round "8"]
[White "Gneiss, Karl"]
[Black "Benedikt, Noah"]
[Result "1/2-1/2"]
[WhiteElo "2018"]
[BlackElo "2078"]
[PlyCount "124"]
[EventDate "2025.06.19"]
[EventType "swiss (rapid)"]
[EventRounds "9"]
[EventCountry "AUT"]
[SourceTitle "CB26_2025"]
[SourceDate "2025.06.25"]
[SourceVersion "1"]
[SourceVersionDate "2025.06.25"]
[SourceQuality "1"]

1. c4 e5 2. g3 Nf6 3. Bg2 Bc5 4. Nc3 c6 5. e3 Bb6 6. d4 exd4 7. exd4 0-0 8. Nge2 Re8 9. 0-0 d5 10. cxd5 Nxd5 11. Nxd5 cxd5 12. Nf4 Nc6 13. Be3 Be6 14. Qb3 Nxd4 15. Bxd4 Bxd4 16. Rad1 Qb6 17. Qxb6 Bxb6 18. Bxd5 Bxd5 19. Nxd5 Re2 20. Nxb6 axb6 21. Rd7 Rxb2 22. Rc1 Rbxa2 23. Rcc7 Rf8 24. Rxb7 Rb2 25. Rd6 g6 26. Rdxb6 Ra2 27. Kg2 Kg7 28. Rc6 Ra5 29. Rcc7 h5 30. h4 Rf5 31. Rd7 Ra8 32. Rd2 Ra4 33. Re2 Rg4 34. Rd2 Re4 35. Rc7 Re6 36. Rb7 Ref6 37. Rc7 Kh6 38. Rc8 Kg7 39. Rc7 Rb6 40. Rcd7 Rb4 41. R7d4 Rbb5 42. Rd7 Ra5 43. Rd8 Rab5 44. R8d7 Rfc5 45. R7d4 Rb1 46. Rd1 Rbb5 47. R1d2 Rb7 48. Rd5 Rcc7 49. R5d4 f6 50. Rd6 Rf7 51. Rc6 Rb5 52. Ra6 Rb1 53. Rad6 Rbb7 54. Rd8 Rb6 55. R8d7 g5 56. hxg5 fxg5 57. R2d5 Rg6 58. Rxf7+ Kxf7 59. Ra5 Kg7 60. Rb5 Kh6 61. Rb8 Rf6 62. Rh8+ Kg6 1/2-1/2

[Event "AUT-chT Blitz"]
[Site "Pasching"]
[Date "2025.05.31"]
[Round "8.16"]
[White "Benedikt, Noah"]
[Black "Horvath, Dominik"]
[Result "0-1"]
[WhiteElo "2078"]
[BlackElo "2532"]
[PlyCount "78"]
[EventDate "2025.05.31"]
[EventType "team-swiss (blitz)"]
[EventRounds "13"]
[EventCountry "AUT"]
[SourceTitle "CB23_2025"]
[SourceDate "2025.06.04"]
[SourceVersion "1"]
[SourceVersionDate "2025.06.04"]
[SourceQuality "1"]
[WhiteTeam "Die Sacklpicker"]
[BlackTeam "SpaceBar Crushers"]
[WhiteTeamCountry "AUT"]
[BlackTeamCountry "AUT"]

1. e4 c5 2. Nf3 e6 3. b3 a6 4. Bb2 d5 5. exd5 exd5 6. Qe2+ Be6 7. g3 Nc6 8. Bh3 Qe7 9. Bxe6 Qxe6 10. Qxe6+ fxe6 11. 0-0 Nf6 12. Re1 Kd7 13. d4 cxd4 14. Nxd4 Bb4 15. Rd1 e5 16. Nxc6 bxc6 17. Bxe5 Rae8 18. Bd4 Re2 19. c3 Bd6 20. Nd2 Rhe8 21. Nf1 Ne4 22. b4 g5 23. Kg2 g4 24. Re1 Nxg3 25. Rxe2 Nxe2 26. Rd1 h5 27. Ne3 Re4 28. Bg7 h4 29. c4 Ke6 30. cxd5+ cxd5 31. Kf1 Nf4 32. Nxg4 Rxb4 33. Ne3 Bc5 34. Bh6 Bxe3 35. fxe3 Nh5 36. Ke2 Nf6 37. Rc1 Rb2+ 38. Kf3 Kf5 39. Rc6 Ne4 0-1

[Event "AUT-chT Blitz"]
[Site "Pasching"]
[Date "2025.05.31"]
[Round "2.8"]
[White "Movsesian, Julia"]
[Black "Benedikt, Noah"]
[Result "0-1"]
[WhiteElo "2211"]
[BlackElo "2078"]
[PlyCount "74"]
[EventDate "2025.05.31"]
[EventType "team-swiss (blitz)"]
[EventRounds "13"]
[EventCountry "AUT"]
[SourceTitle "CB23_2025"]
[SourceDate "2025.06.04"]
[SourceVersion "1"]
[SourceVersionDate "2025.06.04"]
[SourceQuality "1"]
[WhiteTeam "Linz Victoria II"]
[BlackTeam "Die Sacklpicker"]
[WhiteTeamCountry "AUT"]
[BlackTeamCountry "AUT"]

1. d4 Nf6 2. c4 e6 3. Nf3 d5 4. g3 dxc4 5. Qa4+ Nbd7 6. Qxc4 c5 7. dxc5 Bxc5 8. Bg2 a6 9. Qc2 0-0 10. 0-0 Qe7 11. Nc3 Ba7 12. Bd2 h6 13. Rfd1 b5 14. Nd4 Bxd4 15. Bxa8 Ng4 16. Be1 Bb6 17. h3 Nge5 18. Bg2 Nf6 19. Ne4 Nd5 20. a3 Bb7 21. Rac1 Nc4 22. Nd2 Nce3 23. fxe3 Nxe3 24. Qb3 Nxd1+ 25. Kh2 Bxg2 26. Kxg2 Ne3+ 27. Kh2 Rd8 28. Nf3 Nf5 29. Rd1 Rxd1 30. Qxd1 Qf6 31. Bc3 Qg6 32. Qe1 f6 33. e4 Ne3 34. e5 Qh5 35. Qe2 f5 36. Qd3 Qxf3 37. Qd2 Nf1# 0-1

[Event "AUT-ch U14"]
[Site "Fuerstenfeld"]
[Date "2024.06.02"]
[Round "7"]
[White "Stickler, Florentin"]
[Black "Benedikt, Noah"]
[Result "1/2-1/2"]
[WhiteElo "2011"]
[BlackElo "1928"]
[PlyCount "150"]
[EventDate "2024.05.30"]
[EventType "swiss"]
[EventRounds "7"]
[EventCountry "AUT"]
[SourceTitle "CBM 220 Extra"]
[Source "ChessBase"]
[SourceDate "2024.07.31"]
[SourceVersion "1"]
[SourceVersionDate "2024.07.31"]
[SourceQuality "1"]

1. d4 d5 2. Nf3 Nf6 3. Bf4 Bf5 4. e3 e6 5. Nbd2 Nbd7 6. c3 Be7 7. Ne5 Nxe5 8. dxe5 Ne4 9. g4 Bg6 10. Nf3 c6 11. Rg1 Qb6 12. Qb3 Qxb3 13. axb3 Nc5 14. b4 Nd3+ 15. Bxd3 Bxd3 16. Kd2 Be4 17. Nd4 g5 18. Bg3 h5 19. gxh5 Rxh5 20. b5 c5 21. Nb3 Kd7 22. Ra2 d4 23. c4 dxe3+ 24. Kxe3 Bc2 25. Nd2 Kc7 26. Rga1 Kb6 27. f3 Rhh8 28. Kf2 Rhd8 29. Ke2 Rxd2+ 30. Kxd2 Bb3 31. Ra3 Bxc4 32. Rc3 Bxb5 33. Bf2 Kc6 34. Bxc5 Bxc5 35. b4 b6 36. bxc5 bxc5 37. Rg1 Rh8 38. Rxg5 Rxh2+ 39. Kc1 Rh4 40. Rg4 Rxg4 41. fxg4 Be2 42. Rg3 c4 43. Kd2 Bd3 44. Kc3 Kd5 45. Rf3 Bg6 46. Rf4 Kxe5 47. Rxc4 Be4 48. Kd2 Kf4 49. g5 Kf5 50. Ke3 Bd5 51. Rf4+ Kxg5 52. Rxf7 a6 53. Kd4 Kg6 54. Ra7 Kf5 55. Rxa6 Kf4 56. Ra1 Bf3 57. Re1 Bd5 58. Re5 Kf3 59. Kc5 Kf4 60. Re1 Kf5 61. Kd6 Kf4 62. Ke7 Kf5 63. Kf7 Kg5 64. Rf1 Bc4 65. Rf2 Bd5 66. Ke7 Bb3 67. Kd6 Bd5 68. Ke5 Kg4 69. Rf8 Ba2 70. Rf4+ Kg5 71. Rf2 Bd5 72. Rf1 Kg4 73. Rf8 Ba2 74. Rf6 Bd5 75. Rxe6 Bxe6 1/2-1/2

[Event "AUT-ch U14"]
[Site "Fuerstenfeld"]
[Date "2024.06.01"]
[Round "5"]
[White "Martinovic, David"]
[Black "Benedikt, Noah"]
[Result "1-0"]
[WhiteElo "1907"]
[BlackElo "1928"]
[PlyCount "45"]
[EventDate "2024.05.30"]
[EventType "swiss"]
[EventRounds "7"]
[EventCountry "AUT"]
[SourceTitle "CBM 220 Extra"]
[Source "ChessBase"]
[SourceDate "2024.07.31"]
[SourceVersion "1"]
[SourceVersionDate "2024.07.31"]
[SourceQuality "1"]

1. e4 c6 2. c4 d5 3. cxd5 cxd5 4. exd5 Nf6 5. Nc3 Nxd5 6. Nf3 e6 7. d4 Nc6 8. Bd3 Be7 9. 0-0 0-0 10. Re1 h6 11. a3 b6 12. Nxd5 exd5 13. Bc2 h5 14. Ne5 Nxe5 15. Rxe5 Bf6 16. Qxh5 g6 17. Bxg6 fxg6 18. Qxg6+ Bg7 19. Bg5 Bf5 20. Rxf5 Qd7 21. Rxf8+ Rxf8 22. Bh6 Rf7 23. Re1 1-0

[Event "AUT-ch U14"]
[Site "Fuerstenfeld"]
[Date "2024.05.30"]
[Round "2"]
[White "Benedikt, Noah"]
[Black "Raber, Eduard"]
[Result "1-0"]
[WhiteElo "1928"]
[BlackElo "1783"]
[PlyCount "95"]
[EventDate "2024.05.30"]
[EventType "swiss"]
[EventRounds "7"]
[EventCountry "AUT"]
[SourceTitle "CBM 220 Extra"]
[Source "ChessBase"]
[SourceDate "2024.07.31"]
[SourceVersion "1"]
[SourceVersionDate "2024.07.31"]
[SourceQuality "1"]

1. e4 b6 2. d4 e6 3. Nc3 Bb7 4. Nf3 Nf6 5. Bd3 d6 6. 0-0 Be7 7. Bg5 Nbd7 8. Re1 h6 9. Bh4 0-0 10. Qe2 c5 11. Rad1 cxd4 12. Nxd4 Ne5 13. Ba6 Bxa6 14. Qxa6 Nfd7 15. Bxe7 Qxe7 16. Qe2 Rac8 17. Ndb5 Nc5 18. Nxd6 Rcd8 19. Nc4 Nxc4 20. Qxc4 Rxd1 21. Rxd1 Rd8 22. Qe2 Rxd1+ 23. Qxd1 Qh4 24. g3 Qg5 25. f4 Qe7 26. Qd4 h5 27. Nb5 h4 28. e5 hxg3 29. hxg3 Qb7 30. Qe3 Qd5 31. Nc3 Qd7 32. b4 Na6 33. a3 Nc7 34. Qd3 Qc8 35. Ne4 Nd5 36. c4 Ne7 37. Ng5 g6 38. g4 Kf8 39. Nh7+ Kg7 40. Nf6 Ng8 41. g5 Nxf6 42. gxf6+ Kg8 43. Kf2 Qc7 44. Kg3 Qc8 45. Kg4 Qb7 46. Qf3 Qc7 47. Qa8+ Kh7 48. Qf8 1-0